<?xml version="1.0" encoding="UTF-8"?>
<collection xmlns="http://www.loc.gov/MARC21/slim">
 <record>
  <leader>01564nam a2200205Ia 4500</leader>
  <controlfield tag="001">CTU_165065</controlfield>
  <controlfield tag="008">210402s9999    xx            000 0 und d</controlfield>
  <datafield tag="082" ind1=" " ind2=" ">
   <subfield code="a">363.70285</subfield>
  </datafield>
  <datafield tag="082" ind1=" " ind2=" ">
   <subfield code="b">Tr312</subfield>
  </datafield>
  <datafield tag="100" ind1=" " ind2=" ">
   <subfield code="a">Cao, Ngọc Tuyết Trinh</subfield>
  </datafield>
  <datafield tag="245" ind1=" " ind2="0">
   <subfield code="a">Ứng dụng GIS trong quản lý chất lượng nguồn nước mặt ở Thành phố Cần Thơ:</subfield>
  </datafield>
  <datafield tag="245" ind1=" " ind2="0">
   <subfield code="b">Luận văn tốt nghiệp đại học</subfield>
  </datafield>
  <datafield tag="245" ind1=" " ind2="0">
   <subfield code="c">Cao Ngọc Tuyết Trinh, Nguyễn Thị Kim Xuyến ; Nguyễn Hiếu Trung (Cán bộ hướng dẫn)</subfield>
  </datafield>
  <datafield tag="260" ind1=" " ind2=" ">
   <subfield code="a">Cần Thơ</subfield>
  </datafield>
  <datafield tag="260" ind1=" " ind2=" ">
   <subfield code="b">Trường Đại học Cần Thơ</subfield>
  </datafield>
  <datafield tag="260" ind1=" " ind2=" ">
   <subfield code="c">2010</subfield>
  </datafield>
  <datafield tag="520" ind1=" " ind2=" ">
   <subfield code="a">Xây dựng hệ thống cơ sở dữ liệu thông tin địa lý trên máy tính bằng kỹ thuật GIS thành một công cụ tin cậy nhất trong việc quản lý chất lượng nguồn nước mặt trên địa bàn Thành phố Cần Thơ. Đánh giá được tình trạng chất lượng nước mặt tại khu vực. Từ đó có biện pháp quản lý và xử lý nguồn nước một cách phù hợp, hiệu quả và giữ cho Thành phố Cần Thơ một môi trường trong sạch.</subfield>
  </datafield>
  <datafield tag="650" ind1=" " ind2=" ">
   <subfield code="a">Geographic information systems,Water quality management,Quản lý chất lượng nguồn nước,Hệ thống thông tin địa lý</subfield>
  </datafield>
  <datafield tag="904" ind1=" " ind2=" ">
   <subfield code="i">Bạch Trúc</subfield>
  </datafield>
  <datafield tag="980" ind1=" " ind2=" ">
   <subfield code="a">Trung tâm Học liệu Trường Đại học Cần Thơ</subfield>
  </datafield>
 </record>
</collection>
